| 000 | 01070cam a2200337Li 4500 | ||
|---|---|---|---|
| 001 | 85377 | ||
| 005 | 20230410132614.0 | ||
| 008 | 940222s1971 enk 000 0 eng d | ||
| 035 | _a(OCoLC)ocn468581829 | ||
| 040 |
_aBDF _bfre _cBDF |
||
| 016 | 7 |
_aFRBNF374169840000007 _2FrPBN |
|
| 020 | _a0140184937 | ||
| 020 | _a9780140184938 | ||
| 035 | _a(OCoLC)468581829 | ||
| 082 | 0 | 0 | _a823.91 |
| 049 | _aGRAL | ||
| 050 | 1 | 4 |
_aPR 6013 _bG799o 1971 |
| 100 | 1 |
_aGreene, Graham, _d1904-1991 |
|
| 245 | 1 | 0 |
_aOur man in Havana : _ban entertainment / _cGraham Greene. |
| 260 |
_aNew York : _bPenguin Books _c1971. |
||
| 300 |
_a220 p. ; _c20 cm. |
||
| 440 | 0 | _aPenguin twentieth - century classics | |
| 650 | 0 |
_aInteligence service _vdrama |
|
| 651 | 0 |
_aHavana (Cuba) _vdrama |
|
| 856 | 4 | 2 |
_3Notice et cote du catalogue de la Bibliotháeque nationale de France _uhttp://catalogue.bnf.fr/ark:/12148/cb374169841 |
| 886 | 1 |
_2intermrc _a009 _bax-d--------------- |
|
| 886 | 2 |
_2intermrc _a917 _b-- _oGEA _a001501377 |
|
| 942 |
_2lcc _cbk |
||
| 946 | _aRCH | ||
| 994 |
_aC0 _bDRFGD |
||
| 999 |
_c84510 _d84510 |
||